gavin and stacey - Statistics

General Stats
  • This quiz has been taken 264 times
  • The average score is 7 of 10
Answer Stats
Answer % Correct
gavin
99%
stacey
99%
pam
98%
mick
97%
nessa
93%
smithy
92%
neil
49%
fingers
19%
budgie
18%
nessa dad
1%
No matching quizzes found
Score Distribution
Percent of People with Each Score
Percentile by Number Answered
Your Score History
You have not taken this quiz